Most Portrayed US Presidents Quiz Stats

 Plays Quiz Updated Jan 20, 2017

Challenge
Share
Tweet
Embed
Score 0/10 Timer 02:00
0 Plays Today
Number of IMDB (Film and TV) Entries Name of US President % Correct
266George Washington
98.3%
408Abraham Lincoln
97.6%
117Franklin D. Roosevelt
92.9%
118John F. Kennedy
90.6%
120George W. Bush
90.3%
111Theodore Roosevelt
89.3%
158Thomas Jefferson
85.5%
151Barack Obama
65.6%
114Ulysses S. Grant
57.8%
116Donald Trump
52.1%

You're not logged in!

Compare scores with friends on all Sporcle quizzes.
OR
Log In

You Might Also Like...

Show Comments

Extras

Top Quizzes Today


Score Distribution

Your Account Isn't Verified!

In order to create a playlist on Sporcle, you need to verify the email address you used during registration. Go to your Sporcle Settings to finish the process.

Report this User

Report this user for behavior that violates our Community Guidelines.

Details: